August Sauer als Gründer der wissenschaftlichen Stifter-Forschung
| Titel: | August Sauer als Gründer der wissenschaftlichen Stifter-Forschung / Peter Becher |
|---|---|
| Verfasser: | |
| In: |
Adalbert-Stifter-Institut des Landes Oberösterreich: Jahrbuch, Band 14 (2007), Seite 33-38 alle Artikel anzeigen |
| Veröffentlicht: | 2006 |
| Format: | Aufsatz |
| Sprache: | Deutsch |
X
alg: 19241615 001A $04504:23-11-07 001B $01999:23-07-19 $t17:37:39.000 001C $04504:23-11-07 $t10:41:08.000 001D $04504:23-11-07 001U $0utf8 001X $00 002@ $0Aou 003@ $0192416154 007A $0192416154 $aHEB 010@ $ager 011@ $a2006 021A $aAugust Sauer als Gründer der wissenschaftlichen Stifter-Forschung $hPeter Becher 028A $7120863618 $8Becher, Peter$Z1952- [Tp1] $9152374655 031A $d14 $h33-38 $j2007 039B $aIn $8--Abvc--Adalbert-Stifter-Institut des Landes Oberösterreich [Tb1]. Jahrbuch. - Linz : Adelbert-Stifter-Institut des Landes Oberösterreich, 1994- $x200700000140000967 $9048658731 044K $#Sauer, August Rudolf Josef Karl $#Sauer, A. $#S., A. $#A. S. $#A.S. $7118605747 $8Sauer, August$Z1855-1926 [Tp1] $9086946722 044K $R|Adalbert-Stifter-Verein $R|Rheinische Adalbert-Stifter-Gemeinschaft $#Stifter, Adalbert $#Stifter, Adalberto $#Stifter, Ad. $#Stifter, ... $#Shutifutā, Ādaruberuto $#Shutifutâ, ... $#Shuteifutô, ... $#Stiphter, Antalmpert $#Štifter, Adal'bert $#Stifter, Adelbert $#Stifter, Albert $#Stifter, A. $#슈티프터, 아달베르트 $#アーダルベルト・シュティフター $7118618156 $8Stifter, Adalbert$Z1805-1868 [Tp1] $9086959107 044K $RWissenschaft $#Research $#Recherche $#Ricerca $#research $#Research $#Forschung $#Forschung $#Wissenschaftliche Forschung $#Forschungen $74017894-8 $8Forschung [Tsz] $908504167X 045T $a7,20 045T $aGER $qDE-30 $2FID 045V $aSauer, August $801.08.00$jZu einzelnen Germanisten, Literaturtheoretikern und Essayisten [Tkx] $9118843184 045V $aStifter, Adalbert $815.15.00$jZu einzelnen Autoren [Tkx] $9118843672 lok: 19241615 62 exp: 19241615 62 1 #EPN 201B/01 $023-11-07 $t22:13:36.000 203@/01 $0511148232 208@/01 $a23-11-07 $be 209A/01 $a/ $f000 $x00 209B/01 $a2007 $x05 247C/01 $8Frankfurt, Bibliographie der Deutschen Sprach- und Literaturwissenschaft $9113214561 201U/01 $0utf8 lok: 19241615 78 exp: 19241615 78 1 #EPN 201B/01 $015-06-22 $t16:54:04.000 201C/01 $015-06-22 201U/01 $0utf8 203@/01 $01203528868 208@/01 $a15-06-22 $be 209A/01 $a/ $f000 $x00 209A/01 $ab*p $x01 220C/01 $apgar 244Z/01 $#Böhmische Kronländer $#Länder der Böhmischen Krone $#Sudetenland $#Böhmen $#Mähren $#Mährisch-Schlesien $#Österreichisch-Schlesien $#Tschechische Sozialistische Republik Böhmische Länder $#Tschechei Böhmische Länder $#Země koruny české $74069573-6 $8--Tg1--Böhmische Länder $x01 $9085195553 247C/01 $82080>Marburg/Lahn, Herder-Institut, Forschungsbibliothek, Bibliographieportal $9336309341
| LEADER | 00000caa a2200000 c 4500 | ||
|---|---|---|---|
| 001 | 192416154 | ||
| 003 | DE-603 | ||
| 005 | 20190723173739.0 | ||
| 007 | tu | ||
| 008 | 071123s2006 xx |||| | u00||u|ger c | ||
| 035 | |a (DE-599)HEB192416154 | ||
| 040 | |a DE-603 |b ger |c DE-603 |d DE-603 | ||
| 041 | |a ger | ||
| 084 | |a 7,20 |2 ssgn | ||
| 084 | |a GER |q DE-30 |2 fid | ||
| 100 | 1 | |a Becher, Peter |d 1952- |0 (DE-603)152374655 |0 (DE-588)120863618 |2 gnd | |
| 245 | 0 | 0 | |a August Sauer als Gründer der wissenschaftlichen Stifter-Forschung |c Peter Becher |
| 264 | 0 | |c 2006 | |
| 600 | 1 | 7 | |a Sauer, August |d 1855-1926 |0 (DE-588)118605747 |0 (DE-603)086946722 |2 gnd |
| 600 | 1 | 7 | |a Stifter, Adalbert |d 1805-1868 |0 (DE-588)118618156 |0 (DE-603)086959107 |2 gnd |
| 650 | 7 | |a Forschung |0 (DE-588)4017894-8 |0 (DE-603)08504167X |2 gnd | |
| 773 | 0 | 8 | |i In |a Adalbert-Stifter-Institut des Landes Oberösterreich |t Jahrbuch |d Linz : Adelbert-Stifter-Institut des Landes Oberösterreich, 1994- |h 25 cm |g Band 14 (2007), Seite 33-38 |w (DE-603)048658731 |w (DE-600)1227563-3 |
| 924 | 0 | |9 603 |a (DE-603)511148232 |b DE-603 |c HES |d d | |
| 924 | 0 | |9 2080 |a (DE-603)1203528868 |b DE-2080 |c HES |d d |g / | |


